Veľvyslancovi Ruska nevadilo, keď mu včera v Košiciach "preparkovali" limuzínu mimo pešej zóny Na Ústavný súd SR išiel pešo, aby si obzrel krásy centra

Bibliographic Details
Main Author: Némethová, Renáta (Author)
Format: Article
Language:Slovak
Subjects:

MARC

LEADER 00000nab a2200000 a 4500
001 vtls000904353
003 SK-MaSNL
005 20260304050220.0
008 040720e20000606xo 0 slo
035 |a KE13308 
040 |a KEVKJB  |b slo  |c KEVKJB  |e AACR2 
041 0 |a slo 
044 |a xo  |c SK 
080 |a 341.231(470)  |2 1981 
080 |a 394.9  |2 1981 
100 1 |a Némethová, Renáta  |4 aut  |9 826895 
245 1 0 |a Veľvyslancovi Ruska nevadilo, keď mu včera v Košiciach "preparkovali" limuzínu mimo pešej zóny  |b Na Ústavný súd SR išiel pešo, aby si obzrel krásy centra 
590 |a Akseňonok, Aleksander Georgijevič  |b rusky veľvyslanec 
600 1 7 |a Akseňonok, Aleksander Georgijevič  |2 KEVKJB  |9 879697 
650 0 7 |a návštevy zahraničné  |2 KEVKJB  |9 873759 
650 0 7 |a zastupiteľské úrady  |2 KEVKJB  |9 1253 
650 0 7 |a návštevy zahraničné  |2 KEVKJB  |9 873759 
651 7 |a Rusko  |2 KEVKJB  |9 17250 
651 7 |a Košice (Slovensko)  |2 KEVKJB  |9 18694 
651 7 |a KE,  |2 KEVKJB  |9 877256 
655 7 |a periodikum  |2 snkbucl  |9 29553 
773 0 8 |t Korzár  |g Roč. 3, č.129, 6.6.2000, s. 3 
852 |a ZVYKNI  |b KIS3GCP 
999 |c 2697032  |d 2698962